[Event "King's Gambit Cup"]
[Site "SchemingMind.com"]
[Date "2008.09.18"]
[Round "-"]
[White "Tom Lathrop"]
[Black "kisei"]
[Result "1-0"]
[WhiteCountry "CAN"]
[BlackCountry "HUN"]
[WhiteElo "2185"]
[WhiteRD "231"]
[BlackElo "1952"]
[BlackRD "89"]
[GameID "171585"]

1. e4 e5 2. f4 exf4 3. Nf3 d5 4. exd5 Nf6 5. Bb5+ c6 6. dxc6 Nxc6 7. Nc3 Bd6 8. d4 O-O 9. O-O Qb6 10. Kh1 Bg4
11. Be2 Bxf3 12. Bxf3 Nxd4 13. Nd5 Nxd5 14. Bxd5 Rad8 15. c4 f3 16. Bxf3 Nxf3 17. Qxf3 Qc7 18. b3 Bxh2 19. Bg5 f6 20. Bh4 Be5
21. Rae1 Rd2 22. a4 Rfd8 23. Re3 a5 24. Rfe1 R2d4 25. Bf2 Rf4 26. Qe2 Bd4 27. Re8+
1-0

[Event "King's Gambit Cup"]
[Site "SchemingMind.com"]
[Date "2008.09.19"]
[Round "-"]
[White "kisei"]
[Black "Tom Lathrop"]
[Result "0-1"]
[WhiteCountry "HUN"]
[BlackCountry "CAN"]
[WhiteElo "1952"]
[WhiteRD "89"]
[BlackElo "2185"]
[BlackRD "231"]
[GameID "171595"]

1. e4 e5 2. f4 exf4 3. Nf3 Be7 4. Bc4 Nf6 5. O-O d5 6. exd5 Qd6 7. Nc3 Qc5+ 8. d4 Qxc4 9. Ne5 Qa6 10. Bxf4 O-O
11. Qf3 Bd6 12. Rae1 Nbd7 13. Kh1 Ne8 14. Bd2 Bxe5 15. dxe5 Qg6 16. Nb5 c5 17. dxc6 Qxc6 18. Bb4 Qxf3 19. Rxf3 b6 20. Bxf8 Nxf8
21. Nd6 Nxd6 22. exd6 Ne6 23. Rg3 Bb7 24. c4 Rd8 25. Rd1 Nc5 26. b4 Ne4 27. Rf3 Kf8 28. Kg1 Rxd6 29. Rxd6 Nxd6 30. Rf4 Ke7
31. Kf2 g5 32. Rg4 Ne4+ 33. Ke3 f5
0-1

[Event "King's Gambit Cup"]
[Site "SchemingMind.com"]
[Date "2008.09.23"]
[Round "-"]
[White "Clive Everill"]
[Black "Schaakmaatje"]
[Result "1/2-1/2"]
[WhiteCountry "CZE"]
[BlackCountry "NED"]
[WhiteElo "1644"]
[WhiteRD "50"]
[BlackElo "1767"]
[BlackRD "51"]
[GameID "172336"]

1. e4 e5 2. f4 d5 3. exd5 e4 4. d3 Nf6 5. dxe4 Bc5 6. Nc3 Ng4 7. Nh3 O-O 8. Na4 Qe7 9. Nxc5 Qxc5 10. Qd3 Nd7
11. Be2 Ndf6 12. Bd2 Re8 13. Bf3 Nxd5 14. O-O-O Nb6 15. Rde1 Bd7 16. a3 Rad8 17. Bb4 Qc4 18. Qxc4 Nxc4 19. e5 c6 20. Re2 a5
21. Bc3 Bf5 22. Ng5 h6 23. Ne4 Nge3 24. Nd6 Nxd6 25. Rxe3 Nc4 26. Ree1 g5 27. g4 Bc8 28. f5 h5 29. h4 hxg4 30. Bxg4 gxh4
31. Rxh4 f6 32. exf6 Rxe1+ 33. Bxe1 Ne3 34. f7+ Kxf7 35. Rh7+ Kg8 36. Rh4 Bxf5 37. Be2 Nxc2 38. Bc3 Kf7 39. Bh5+ Ke6 40. Be2 Ne3
41. Rh6+ Kd5 42. Rh4 c5 43. Bf3+ Ke6 44. Rh6+ Kf7 45. Bh5+ Ke7 46. Bf6+ Kd7 47. Bxd8 Kxd8 48. Kd2 Nc4+ 49. Kc3 b5 50. Bf7 Ne3
51. Rh8+ Ke7 52. Be8 b4+ 53. axb4 axb4+ 54. Kb3 Bc2+ 55. Ka2 c4 56. Bb5 Bb3+ 57. Ka1 Nc2+ 58. Kb1 Nd4 59. Be8 Kf6 60. Rh6+ Kg7
61. Rb6 Bc2+ 62. Kc1 b3 63. Bd7 Nf3 64. Be6 Ne5 65. Bf5 Bxf5 66. Kd2 Bd3 67. Kc3 Ng4 68. Rb4 Ne3 69. Kd2 Nc2 70. Rb6 Nd4=
1/2-1/2

[Event "King's Gambit Cup"]
[Site "SchemingMind.com"]
[Date "2008.09.22"]
[Round "-"]
[White "Schaakmaatje"]
[Black "Clive Everill"]
[Result "1/2-1/2"]
[WhiteCountry "NED"]
[BlackCountry "CZE"]
[WhiteElo "1804"]
[WhiteRD "46"]
[BlackElo "1663"]
[BlackRD "50"]
[GameID "172343"]

1. e4 e5 2. f4 exf4 3. Nf3 d6 4. Bc4 h6 5. d4 g5 6. c3 Bg7 7. Qb3 Be6 8. Bxe6 fxe6 9. Qxe6+ Qe7 10. Qxe7+ Nxe7
11. Na3 Nd7 12. Nc2 O-O-O 13. Bd2 Nf6 14. e5 Nfd5 15. O-O-O dxe5 16. Nxe5 Rhf8 17. Rhe1 Nf5 18. Kb1 Nh4 19. c4 Nf6 20. g3 fxg3
21. hxg3 Nf5 22. Bb4 Rfe8 23. g4 Nd6 24. Bc3 Nfe4 25. c5 Nxc3+ 26. bxc3 Nb5 27. Kb2 Bxe5 28. dxe5 Rxd1 29. Rxd1 Rxe5 30. a4 Nxc3
31. Kxc3 Rxc5+ 32. Kb3=
1/2-1/2

[Event "King's Gambit Cup"]
[Site "SchemingMind.com"]
[Date "2008.10.01"]
[Round "-"]
[White "griffimv"]
[Black "jl1234"]
[Result "1-0"]
[WhiteCountry "INT"]
[BlackCountry "POL"]
[WhiteElo "2243"]
[WhiteRD "85"]
[BlackElo "1721"]
[BlackRD "71"]
[GameID "172822"]

1. e4 e5 2. f4 exf4 3. Nf3 Nf6 4. e5 Nd5 5. c4 Nb4 6. d4 d5 7. a3 N4c6 8. cxd5 Ne7 9. Nc3 Nf5 10. Bxf4 a6
11. Bd3 Be7 12. Qa4+ Qd7 13. Qc2 h6 14. e6 fxe6 15. Ne5 Qd8 16. dxe6
1-0

[Event "King's Gambit Cup"]
[Site "SchemingMind.com"]
[Date "2008.10.01"]
[Round "-"]
[White "jl1234"]
[Black "griffimv"]
[Result "0-1"]
[WhiteCountry "POL"]
[BlackCountry "INT"]
[WhiteElo "1721"]
[WhiteRD "71"]
[BlackElo "2243"]
[BlackRD "85"]
[GameID "172834"]

1. e4 e5 2. f4 exf4 3. Nf3 g5 4. h3 Bg7 5. d4 d6 6. Bc4 h6 7. Na3 Nf6 8. Bd3 Qe7 9. O-O Nc6 10. c3 O-O
11. Re1 Nd7 12. Bc2 a6 13. Qd3 Re8 14. Bd2 b5 15. Bb3 Bb7 16. Bd5 Rab8 17. Nxb5 axb5 18. Qxb5 Ba8 19. Qa4 Rb6 20. b4 Qf8
21. Qc2 Ne7 22. Bxa8 Rxa8 23. a4 c5 24. Qd3 Qc8 25. b5 c4 26. Qc2 Nf6 27. Qb1 Rab8 28. Qc2 d5 29. exd5 Nfxd5 30. Bc1 Nf5
0-1

[Event "King's Gambit Cup"]
[Site "SchemingMind.com"]
[Date "2008.09.30"]
[Round "-"]
[White "knightchaser"]
[Black "lemmie"]
[Result "0-1"]
[WhiteCountry "MAS"]
[BlackCountry "NED"]
[WhiteElo "1952"]
[WhiteRD "110"]
[BlackElo "1734"]
[BlackRD "47"]
[GameID "173081"]

1. e4 e5 2. f4 exf4 3. Nf3 g5 4. Bc4 d6 5. O-O h5 6. d4 g4 7. Bxf4 gxf3 8. Qxf3 Bg4 9. Qb3 Rh7 10. Nc3 Nc6
11. Be3 Bh6 12. Bxf7+ Kd7 13. Bxh6 Nxh6 14. Bg6 Rg7 15. Bf5+ Nxf5 16. exf5 Nxd4 17. Qa4+ Nc6 18. f6 Rf7 19. Ne4 Kc8 20. h3 Bd7
21. Rad1 Ne5 22. Qb3 Qg8 23. Rf2 Rf8 24. f7 Qg6 25. Re2 Bc6 26. Rd4 Rxf7 27. Nd2 b6 28. a4 Kb7 29. a5 Rg8
0-1

[Event "King's Gambit Cup"]
[Site "SchemingMind.com"]
[Date "2008.10.07"]
[Round "-"]
[White "schakert"]
[Black "harmy"]
[Result "0-1"]
[WhiteCountry "NED"]
[BlackCountry "USA"]
[WhiteElo "1794"]
[WhiteRD "67"]
[BlackElo "1964"]
[BlackRD "110"]
[GameID "173775"]

1. e4 e5 2. f4 exf4 3. Nf3 g5 4. h4 g4 5. Nd4 d5 6. e5 Be7 7. Be2 Bxh4+ 8. Kf1 h5 9. d3 Bg3 10. e6 Qf6
11. exf7+ Kxf7
0-1

[Event "King's Gambit Cup"]
[Site "SchemingMind.com"]
[Date "2008.10.06"]
[Round "-"]
[White "harmy"]
[Black "schakert"]
[Result "1-0"]
[WhiteCountry "USA"]
[BlackCountry "NED"]
[WhiteElo "1964"]
[WhiteRD "110"]
[BlackElo "1794"]
[BlackRD "67"]
[GameID "173784"]

1. e4 e5 2. f4 exf4 3. Nf3 d6 4. Bc4 Be7 5. d4 Bg4 6. Bxf4 Nc6 7. O-O Qd7 8. c3 f5 9. Bxg8 Rxg8 10. Qb3 O-O-O
11. d5 Na5 12. Qb4 Bxf3 13. Rxf3 fxe4 14. Re3 Qf5 15. Qxe4
1-0

[Event "King's Gambit Cup"]
[Site "SchemingMind.com"]
[Date "2008.10.08"]
[Round "-"]
[White "z"]
[Black "eduardogonzalezm"]
[Result "0-1"]
[WhiteCountry "IRQ"]
[BlackCountry "CHI"]
[WhiteElo "1779"]
[WhiteRD "62"]
[BlackElo "2096"]
[BlackRD "103"]
[GameID "174039"]

1. e4 e5 2. f4 Qh4+ 3. g3 Qe7 4. Bh3 Nc6 5. d3 Nf6 6. Nf3 d5 7. Bxc8 Rxc8 8. O-O Qc5+ 9. Kg2 Be7 10. Nc3 Rd8
11. Qe2 exf4 12. Bxf4 dxe4 13. Nxe4 Nxe4 14. Qxe4 O-O 15. d4 Nxd4 16. Be3 Qxc2+ 17. Rf2 Qxe4
0-1

[Event "King's Gambit Cup"]
[Site "SchemingMind.com"]
[Date "2008.10.09"]
[Round "-"]
[White "eduardogonzalezm"]
[Black "z"]
[Result "1-0"]
[WhiteCountry "CHI"]
[BlackCountry "IRQ"]
[WhiteElo "2096"]
[WhiteRD "103"]
[BlackElo "1779"]
[BlackRD "62"]
[GameID "174044"]

1. e4 e5 2. f4 Nc6 3. Nf3 d6 4. Bb5 Bd7 5. O-O Qe7 6. Nc3 a6 7. Bc4 O-O-O 8. d4 exd4 9. Nxd4 Nf6 10. Bd5 g6
11. a3 Bg7 12. Qd3 Rhe8 13. Nxc6 Bxc6 14. Bxc6 bxc6 15. Qxa6+ Kd7 16. e5 Nd5 17. Ne4 Qe6 18. c4 Nb6 19. c5 Nd5 20. cxd6 Ra8
21. Nc5+
1-0

[Event "King's Gambit Cup"]
[Site "SchemingMind.com"]
[Date "2008.10.09"]
[Round "-"]
[White "tyler199"]
[Black "smothered mate"]
[Result "0-1"]
[WhiteCountry "CAN"]
[BlackCountry "POL"]
[WhiteElo "1701"]
[WhiteRD "54"]
[BlackElo "1904"]
[BlackRD "55"]
[GameID "174344"]

1. e4 e5 2. f4 d5 3. exd5 e4 4. d3 Nf6 5. dxe4 Nxe4 6. Nf3 c6 7. Nbd2 Nxd2 8. Bxd2 cxd5 9. Bd3 Bc5 10. Qe2+ Qe7
11. Qxe7+ Bxe7 12. Bc3 O-O 13. O-O-O Nc6 14. Nd4 Bd6 15. g3 Bg4 16. Rde1 Rac8 17. Bf5 Bxf5 18. Nxf5 Bc5 19. Bxg7 Rfe8 20. Bc3 d4
21. Rxe8+ Rxe8 22. Re1 Rc8 23. Bd2 Bf8 24. c3 dxc3 25. Bxc3 Bb4 26. Re3 a5 27. Bxb4 Nxb4+ 28. Kb1 Kf8 29. Rc3 Re8 30. a3 Nc6
31. Rd3 Re2 32. Rd7 Rxh2 33. Rxb7 Ke8 34. Nd6+ Kd8 35. Rxf7 Nd4 36. a4 Nc6 37. Ka2 Rg2 38. Rg7 h5 39. Nf5 Rd2 40. Kb3 Rd5
41. Rg5 Rxf5 42. Rxf5 Nd4+ 43. Kc4 Nxf5 44. Kb5 Nxg3 45. Kxa5 h4
0-1

[Event "King's Gambit Cup"]
[Site "SchemingMind.com"]
[Date "2008.10.10"]
[Round "-"]
[White "smothered mate"]
[Black "tyler199"]
[Result "1-0"]
[WhiteCountry "POL"]
[BlackCountry "CAN"]
[WhiteElo "1886"]
[WhiteRD "52"]
[BlackElo "1687"]
[BlackRD "56"]
[GameID "174355"]

1. e4 e5 2. f4 exf4 3. Nf3 h6 4. Bc4 d6 5. h4 Nf6 6. Nc3 Be7 7. d4 Nh5 8. Qd3 c6 9. Ne2 Bg4 10. Nxf4 Nxf4
11. Bxf4 Bxf3 12. Qxf3 Bxh4+ 13. g3 Be7 14. O-O-O a5 15. a4 Bg5 16. Bxf7+ Kf8 17. Bg6 Qf6 18. Bf5 Bxf4+ 19. Qxf4 Na6 20. Rhf1 Ke7=
21. e5 dxe5 22. dxe5 Qf7 23. Rd7+
1-0

[Event "King's Gambit Cup"]
[Site "SchemingMind.com"]
[Date "2008.10.31"]
[Round "-"]
[White "lemmie"]
[Black "aadaam"]
[Result "0-1"]
[WhiteCountry "NED"]
[BlackCountry "INT"]
[WhiteElo "1721"]
[WhiteRD "48"]
[BlackElo "1780"]
[BlackRD "44"]
[GameID "176929"]

1. e4 e5 2. f4 exf4 3. Nf3 d5 4. exd5 Nf6 5. Bb5+ c6 6. dxc6 Nxc6 7. O-O Bd6 8. Re1+ Be6 9. d4 Qb6 10. Nc3 O-O-O
11. Kh1 Nd5 12. Nxd5 Bxd5 13. Bxc6 Qxc6 14. c3 Rde8 15. Rxe8+ Rxe8 16. Kg1 f6 17. Bd2 g5 18. a3 Qb5 19. b4 Qe2 20. Qe1 f5
21. Qxe2 Rxe2 22. Rd1 g4 23. Nh4 Bb3 24. Rb1 Bc2 25. Nxf5 Bxf5
0-1

[Event "King's Gambit Cup"]
[Site "SchemingMind.com"]
[Date "2008.10.30"]
[Round "-"]
[White "aadaam"]
[Black "lemmie"]
[Result "1-0"]
[WhiteCountry "INT"]
[BlackCountry "NED"]
[WhiteElo "1780"]
[WhiteRD "44"]
[BlackElo "1721"]
[BlackRD "48"]
[GameID "176936"]

1. e4 e5 2. f4 exf4 3. Nf3 g5 4. h4 g4 5. Ne5 Nf6 6. d4 d6 7. Nd3 Nxe4 8. Bxf4 Bg7 9. Nd2 Nxd2 10. Qxd2 Bxd4
11. O-O-O Be6 12. Re1 Nc6 13. c3 Bf6 14. Bh6 Qe7 15. Nf4 O-O-O 16. Nd5
1-0

[Event "King's Gambit Cup"]
[Site "SchemingMind.com"]
[Date "2008.12.04"]
[Round "-"]
[White "Clive Everill"]
[Black "harmy"]
[Result "0-1"]
[WhiteCountry "CZE"]
[BlackCountry "USA"]
[WhiteElo "1644"]
[WhiteRD "50"]
[BlackElo "1894"]
[BlackRD "82"]
[GameID "181778"]

1. e4 e5 2. f4 exf4 3. Nf3 g5 4. h4 g4 5. Ne5 Nf6 6. d4 d6 7. Nd3 Nxe4 8. Bxf4 Bf5 9. Nd2 Nxd2 10. Qxd2 Bg7
11. Bg5 Qd7 12. Qe3+ Qe6 13. O-O-O Qxe3+ 14. Bxe3 Nd7 15. Nb4 O-O-O 16. Bc4 Be6 17. d5 Bf5 18. a3 h5 19. Rhf1 Bg6 20. Na2 Ne5
21. Bb3 Rhf8 22. c4 Nd3+ 23. Kd2 Bxb2 24. Bc2 Ne5 25. Bxg6 fxg6 26. Rxf8 Rxf8 27. Bxa7 b6 28. Nb4 Rf2+ 29. Ke1 g3 30. Rd2 Bc3
31. Bxb6 cxb6 32. Na2 Nd3+ 33. Kd1 Rxd2#
0-1

[Event "King's Gambit Cup"]
[Site "SchemingMind.com"]
[Date "2008.12.04"]
[Round "-"]
[White "harmy"]
[Black "Clive Everill"]
[Result "1-0"]
[WhiteCountry "USA"]
[BlackCountry "CZE"]
[WhiteElo "1894"]
[WhiteRD "82"]
[BlackElo "1644"]
[BlackRD "50"]
[GameID "181790"]

1. e4 e5 2. f4 exf4 3. Nf3 d6 4. Bc4 h6 5. d4 g5 6. c3 Bg7 7. O-O Nc6 8. b4 Nge7 9. h4 Bg4 10. hxg5 Bxf3
11. Qxf3 hxg5 12. Bxf4 gxf4 13. Qxf4 f6 14. Qg4 Rh7 15. Rf3 d5 16. Bd3 Qd7 17. Qxd7+ Kxd7 18. exd5 Nxd5 19. Bxh7 Rh8 20. Bf5+ Kd6
21. Nd2 b5 22. Re1 Nd8 23. Ne4+ Kc6 24. Nc5 Nb6 25. Ne6 Nxe6 26. Rxe6+ Kb7 27. Re7 Bh6 28. Be4+ Kb8 29. Rh3 Nc4 30. Rxh6
1-0

[Event "King's Gambit Cup"]
[Site "SchemingMind.com"]
[Date "2008.12.22"]
[Round "-"]
[White "griffimv"]
[Black "Tom Lathrop"]
[Result "1-0"]
[WhiteCountry "INT"]
[BlackCountry "CAN"]
[WhiteElo "2327"]
[WhiteRD "95"]
[BlackElo "2016"]
[BlackRD "170"]
[GameID "184033"]

1. e4 e5 2. f4 exf4 3. Nf3 Be7 4. Bc4 Nf6 5. Nc3 Nxe4 6. Bxf7+ Kxf7 7. Ne5+ Kg8 8. Nxe4 d6 9. Nf3 Bh4+ 10. g3 d5
11. Nxh4 dxe4 12. Qe2 g5 13. Qc4+ Kg7 14. gxf4 g4 15. Qc3+ Kf7 16. Qb3+ Be6 17. Qg3 Rg8 18. f5 Bd5 19. Ng2 Nd7 20. Ne3 Nf6
21. b3 Bc6 22. Bb2 Nh5 23. Qf2 Qg5 24. Rg1 Nf6 25. h4 Qh6 26. O-O-O Rad8 27. Kb1 Nh5 28. Nxg4 Rxg4 29. Rxg4 e3 30. Qe2 Nf6
31. Rg5
1-0

[Event "King's Gambit Cup"]
[Site "SchemingMind.com"]
[Date "2008.12.22"]
[Round "-"]
[White "Tom Lathrop"]
[Black "griffimv"]
[Result "0-1"]
[WhiteCountry "CAN"]
[BlackCountry "INT"]
[WhiteElo "2016"]
[WhiteRD "170"]
[BlackElo "2327"]
[BlackRD "95"]
[GameID "184039"]

1. e4 e5 2. f4 exf4 3. Nf3 g5 4. h4 g4 5. Ne5 d6 6. Nxg4 Be7 7. d4 Bxh4+ 8. Nf2 Qg5 9. Qf3 Nc6 10. Bxf4 Nxd4
11. Bxg5 Nxf3+ 12. gxf3 Bxg5 13. Nc3 Be6 14. Nd3 O-O-O 15. Bh3 Ne7 16. f4 Bf6 17. O-O-O Bxc3 18. bxc3 h5 19. f5 Bd7 20. Rd2 Rdg8
21. Nf4 h4 22. c4 Nc6 23. c5 dxc5 24. Nd5 Rg3 25. Nf6 Nd4 26. Nd5 Nf3 27. Rg2 b5 28. Nf4 Ng5 29. Rxg3 hxg3 30. Bg2 Rxh1+
31. Bxh1 Bc6 32. Nd5 Bxd5 33. exd5 Nh3
0-1

[Event "King's Gambit Cup"]
[Site "SchemingMind.com"]
[Date "2008.12.23"]
[Round "-"]
[White "smothered mate"]
[Black "eduardogonzalezm"]
[Result "1-0"]
[WhiteCountry "POL"]
[BlackCountry "CHI"]
[WhiteElo "1921"]
[WhiteRD "50"]
[BlackElo "1991"]
[BlackRD "113"]
[GameID "184161"]

1. e4 e5 2. f4 Qh4+ 3. g3 Qe7 4. Nc3 exf4 5. d4 Nf6 6. Qf3 fxg3 7. hxg3 Nc6 8. Be3 Qb4 9. O-O-O d6 10. a3 Qa5
11. Qf2 Ng4 12. Qd2 Nxe3 13. Qxe3 g6 14. Bb5 Bd7 15. Rf1 Bg7 16. Nge2 a6 17. Qf2 O-O 18. Bc4 Qg5+ 19. Kb1 Nd8 20. Nd5
1-0

[Event "King's Gambit Cup"]
[Site "SchemingMind.com"]
[Date "2008.12.23"]
[Round "-"]
[White "eduardogonzalezm"]
[Black "smothered mate"]
[Result "0-1"]
[WhiteCountry "CHI"]
[BlackCountry "POL"]
[WhiteElo "1991"]
[WhiteRD "113"]
[BlackElo "1921"]
[BlackRD "50"]
[GameID "184166"]

1. e4 e5 2. f4 Bc5 3. Nf3 d6 4. c3 Qe7 5. Qc2 Nf6 6. d3 Bg4 7. Nbd2 Nc6 8. b4 Bb6 9. Nc4 exf4 10. Nxb6 axb6
11. Bxf4 Ne5 12. Be2 Bxf3 13. Bxf3 Nxf3+ 14. gxf3 b5 15. Rg1 Nh5 16. Be3 g6 17. Bd4 f6 18. a4 Nf4 19. Kd2 bxa4 20. Rxa4 Kd7
21. Rga1 Rxa4 22. Qxa4+ c6 23. Qa7 Ke6 24. Qb6 Rb8 25. Be3 Nh5
0-1

[Event "King's Gambit Cup"]
[Site "SchemingMind.com"]
[Date "2009.03.20"]
[Round "-"]
[White "harmy"]
[Black "smothered mate"]
[Result "1-0"]
[WhiteCountry "USA"]
[BlackCountry "POL"]
[WhiteElo "1948"]
[WhiteRD "93"]
[BlackElo "1868"]
[BlackRD "56"]
[GameID "197076"]

1. e4 e5 2. f4 Bc5 3. Nf3 d6 4. c3 Bb6 5. Bc4 Nf6 6. fxe5 Nxe4 7. Qa4+ Kf8 8. d4 d5 9. Be2 c6 10. Nbd2 Bf5
11. O-O Qd7 12. Nxe4 dxe4 13. Ng5 h6 14. Nxf7 Qxf7 15. g4 g6 16. Qc4 Qg7 17. Kh1 Nd7 18. gxf5 gxf5 19. Qe6 Re8 20. Rxf5+
1-0

[Event "King's Gambit Cup"]
[Site "SchemingMind.com"]
[Date "2009.03.20"]
[Round "-"]
[White "smothered mate"]
[Black "harmy"]
[Result "0-1"]
[WhiteCountry "POL"]
[BlackCountry "USA"]
[WhiteElo "1868"]
[WhiteRD "56"]
[BlackElo "1948"]
[BlackRD "93"]
[GameID "197081"]

1. e4 e5 2. f4 exf4 3. Nf3 g5 4. d4 d6 5. Bc4 h6 6. h4 Bg7 7. Nc3 Bg4 8. O-O Nc6 9. Ne2 Qe7 10. Bd5 Nf6
11. Qd3 Bxf3 12. Rxf3 O-O 13. hxg5 hxg5 14. Rh3 Nb4 15. Qc4 Nbxd5 16. exd5 Rfe8 17. Nc3 Qe1+ 18. Kh2 Ng4#
0-1

[Event "King's Gambit Cup"]
[Site "SchemingMind.com"]
[Date "2009.04.19"]
[Round "-"]
[White "griffimv"]
[Black "aadaam"]
[Result "1-0"]
[WhiteCountry "INT"]
[BlackCountry "INT"]
[WhiteElo "2358"]
[WhiteRD "98"]
[BlackElo "1677"]
[BlackRD "50"]
[GameID "200416"]

1. e4 e5 2. f4 d5 3. exd5 c6 4. Nc3 cxd5 5. fxe5 d4 6. Ne4 Qd5 7. Qe2 Nc6 8. Nf3 Bg4 9. Nf2 Bxf3 10. Qxf3 Qxe5+
11. Be2 O-O-O 12. O-O Bd6 13. g3 h5 14. Ne4 h4 15. d3 hxg3 16. hxg3 Nf6 17. Bf4 Qh5 18. Nxd6+ Rxd6 19. Qxh5
1-0

[Event "King's Gambit Cup"]
[Site "SchemingMind.com"]
[Date "2009.04.19"]
[Round "-"]
[White "aadaam"]
[Black "griffimv"]
[Result "0-1"]
[WhiteCountry "INT"]
[BlackCountry "INT"]
[WhiteElo "1748"]
[WhiteRD "47"]
[BlackElo "2392"]
[BlackRD "88"]
[GameID "200421"]

1. e4 e5 2. f4 exf4 3. Nf3 g5 4. Bc4 Bg7 5. d4 d6 6. g3 g4 7. Nh4 f3 8. Be3 Bf6 9. Nc3 Nc6 10. O-O Bxh4
11. gxh4 Qxh4 12. d5 Ne5 13. Bb5+ Bd7 14. Bf4 Nf6 15. Qd4 Rg8 16. Bxe5 g3 17. hxg3 Rxg3+ 18. Kf2 Ng4+ 19. Ke1 Nxe5
0-1

[Event "King's Gambit Cup"]
[Site "SchemingMind.com"]
[Date "2009.07.09"]
[Round "-"]
[White "harmy"]
[Black "griffimv"]
[Result "0-1"]
[WhiteCountry "USA"]
[BlackCountry "INT"]
[WhiteElo "1920"]
[WhiteRD "102"]
[BlackElo "2400"]
[BlackRD "83"]
[GameID "211217"]

1. e4 e5 2. f4 exf4 3. Nf3 g5 4. h4 g4 5. Ne5 d6 6. Nxg4 Be7 7. g3 fxg3 8. Bg2 Bxh4 9. d4 h5 10. Ne3 Nc6
11. c3 Bg5 12. Rxh5 Qf6
0-1

[Event "King's Gambit Cup"]
[Site "SchemingMind.com"]
[Date "2009.07.09"]
[Round "-"]
[White "griffimv"]
[Black "harmy"]
[Result "1-0"]
[WhiteCountry "INT"]
[BlackCountry "USA"]
[WhiteElo "2382"]
[WhiteRD "78"]
[BlackElo "1916"]
[BlackRD "106"]
[GameID "211224"]

1. e4 e5 2. f4 exf4 3. Nf3 g5 4. h4 g4 5. Ne5 Nf6 6. d4 d6 7. Nd3 Nxe4 8. Bxf4 Bg7 9. c3 Bf5 10. Nd2 Qe7
11. Nxe4 Qxe4+ 12. Qe2 Nc6 13. Qxe4+ Bxe4 14. Nf2 Bf5 15. Bc4 h5 16. O-O O-O 17. Rae1 Bf6 18. Ne4 Bxh4 19. g3 Rae8 20. Bxd6 cxd6
21. Rxf5 Bd8 22. Rxf7
1-0